[Event "Michigan Class D/E"]
[Site "Grand Rapids, MI"]
[Date "1998.??.??"]
[Round "?"]
[White "Mihelich, John"]
[Black "Dolin, Jack"]
[Result "1-0"]
[WhiteElo "1605"]
[BlackElo "1605"]
[PlyCount "42"]
[EventDate "1998.01.??"]

1. e4 e6 2. Nf3 d5 3. e5 c5 4. d4 Nc6 5. Bb5 Bd7 6. Bxc6 Bxc6 7. O-O Qb6 8. c3
cxd4 9. Nxd4 f6 10. Nxe6 Bb5 11. Re1 f5 12. Qxd5 Rc8 13. Nxf8 Kxf8 14. Qd6+
Qxd6 15. exd6 Nf6 16. Bg5 Ne4 17. Be7+ Kf7 18. f3 Nc5 $2 19. Re5 b6 20. b4 Bd3
21. bxc5 Rhe8 1-0

[Event "Michigan Senior"]
[Site "Ann Arbor, MI"]
[Date "1998.??.??"]
[Round "?"]
[White "Merte, Otto"]
[Black "Santiago, Reynaldo"]
[Result "0-1"]
[WhiteElo "1605"]
[BlackElo "2000"]
[PlyCount "54"]
[EventDate "1998.06.??"]

{6/13} 1. c4 g6 2. Nc3 Bg7 3. d4 c5 4. d5 Bxc3+ 5. bxc3 f5 6. e3 Nf6 7. Bd3 d6
8. Rb1 Nbd7 9. Ne2 Qa5 10. Qc2 Nb6 11. O-O Bd7 12. Bd2 O-O-O 13. Nc1 Qa6 14.
Re1 e5 15. f3 Ba4 16. Nb3 Kb8 17. e4 f4 18. Qb2 g5 19. Na1 g4 20. Nc2 Rdg8 21.
Kf2 h5 22. Na3 Rg7 23. Nb5 Ne8 24. Be2 Rhg8 25. Kg1 gxf3 26. Bxf3 Nxc4 27. Qc1
Nxd2 0-1

[Event "Michigan Senior"]
[Site "Ann Arbor, MI"]
[Date "1998.??.??"]
[Round "?"]
[White "Merte, Otto"]
[Black "Moyle, Jim"]
[Result "1-0"]
[WhiteElo "1605"]
[BlackElo "1605"]
[PlyCount "113"]
[EventDate "1998.06.??"]

{6/14} 1. c4 e5 2. Nc3 Nc6 3. g3 Bc5 4. Bg2 Qf6 5. e3 Nh6 6. Nge2 d6 7. O-O Be6
8. d3 Bg4 9. h3 Bf5 10. Nd5 Qd8 11. Kh2 Be6 12. Nec3 Ne7 13. Nxe7 Qxe7 14. Bxb7
Rb8 15. Bc6+ Bd7 16. Bg2 c6 17. d4 Bb6 18. a3 c5 19. d5 O-O 20. e4 f5 21. f4
Rf6 22. fxe5 dxe5 23. Bg5 Rbf8 24. Qd2 Qd6 25. Bxf6 Rxf6 26. exf5 Nxf5 27. Ne4
Qf8 28. Nxf6+ Qxf6 29. g4 Qh6 30. Qxh6 Nxh6 31. Rf2 Bd8 32. Raf1 Be7 33. g5 Nf5
34. Rxf5 Bxf5 35. Rxf5 g6 36. Rxe5 Bd6 37. Kh1 Bxe5 38. b4 cxb4 39. axb4 Kf7
40. c5 a6 41. Bf1 Bc3 42. b5 axb5 43. Bxb5 Ke7 44. Kg2 Bb4 45. c6 Kd6 46. Bc4
Ba5 47. Kf3 Bc7 48. Ke4 Bb8 49. Bb3 Bc7 50. Kd4 Bb8 51. Kc4 Ke5 52. Kb5 Kf5 53.
Ka6 Kxg5 54. Kb7 Bd6 55. c7 Bxc7 56. Kxc7 Kf6 57. d6 1-0

[Event "Cadillac Marathon"]
[Site "Cadillac, MI"]
[Date "1998.??.??"]
[Round "?"]
[White "McNew, D."]
[Black "Jacobs, Ron"]
[Result "1-0"]
[WhiteElo "1605"]
[BlackElo "1605"]
[PlyCount "61"]
[EventDate "1998.??.??"]

1. e4 c5 2. Nc3 e6 3. g3 g6 4. Bg2 Bg7 5. Nge2 d6 6. O-O Bd7 7. f4 Ne7 8. d3
O-O 9. Be3 Nbc6 10. Rb1 Rb8 11. g4 f5 12. h3 Nd4 13. Ng3 b5 14. Nce2 Qa5 15. a3
d5 16. c3 Nxe2+ 17. Qxe2 Qc7 18. e5 Rfc8 19. Rbc1 a6 20. b4 c4 21. Bc5 Nc6 22.
Bd6 Qb7 23. Bxb8 Qxb8 24. d4 Bf8 25. h4 Be7 26. gxf5 Bxh4 27. Qg4 Bxg3 28. Qxg3
exf5 29. Bxd5+ Kf8 30. Qh4 Kg7 31. Qf6+ 1-0

[Event "Cadillac Marathon"]
[Site "Cadillac, MI"]
[Date "1998.??.??"]
[Round "?"]
[White "McNew, D."]
[Black "Evans Sr., Thomas"]
[Result "0-1"]
[WhiteElo "1605"]
[BlackElo "1930"]
[PlyCount "58"]
[EventDate "1998.??.??"]

1. d4 e6 2. c4 Bb4+ 3. Bd2 Bxd2+ 4. Qxd2 Ne7 5. Nc3 O-O 6. e4 d5 7. cxd5 exd5
8. e5 Bf5 9. Nf3 Ng6 10. Be2 c6 11. O-O Nd7 12. b4 Re8 13. Ne1 Ndf8 14. f4 Qd7
15. Rf3 Ne6 16. g3 Be4 17. Rf2 Ne7 18. g4 f5 19. exf6 gxf6 20. f5 Ng5 21. Qe3
Nc8 22. Qg3 Qd6 23. Qh4 Qxb4 24. Nxe4 Nxe4 25. Nf3 Nxf2 26. Kxf2 Nd6 27. Re1
Qc3 28. Qh6 Re7 29. Qxf6 Ne4+ 0-1

[Event "Michigan Amateur"]
[Site "Kalamazoo "]
[Date "1998.??.??"]
[Round "?"]
[White "McNair, Shawn"]
[Black "Skidmore, Mike"]
[Result "0-1"]
[WhiteElo "1605"]
[BlackElo "1895"]
[PlyCount "100"]
[EventDate "1998.07.??"]

{7/19} 1. e4 c6 2. d4 d5 3. exd5 cxd5 4. c4 Nf6 5. Bg5 Nbd7 6. c5 Ne4 7. Nf3
Nxg5 8. Nxg5 e5 9. Nf3 e4 10. Nfd2 g6 11. Na3 Bg7 12. Nb5 O-O 13. Nb3 Nf6 14.
Be2 a6 15. Nd6 Ne8 16. Nxc8 Rxc8 17. Rc1 Nc7 18. h4 Ne6 19. h5 Qg5 20. g3 Nxd4
21. h6 Nxb3 22. hxg7 Nxc1 23. gxf8=Q+ Rxf8 24. Rh4 Nxe2 25. Kxe2 Qe5 26. Qc1
Rc8 27. b4 f5 28. Qh6 Qg7 29. Qd2 d4 30. a3 d3+ 31. Ke3 Rd8 32. Qa2+ Kh8 33.
Kd2 Qd4 34. Rh2 Qf6 35. Rh4 Qd4 36. Rh2 Re8 37. Rxh7+ Kxh7 38. Qf7+ Kh6 39.
Qxe8 Qxf2+ 40. Kc3 Qc2+ 41. Kd4 Qf2+ 42. Kc3 Qxg3 43. Qf8+ Kh5 44. Qd6 Qe1+ 45.
Kd4 d2 46. Qh2+ Kg4 47. Qg2+ Kf4 48. Qh2+ Kf3 49. Qh3+ Qg3 50. Qf1+ Qf2+ 0-1

[Event "Michigan Amateur"]
[Site "Kalamazoo "]
[Date "1998.??.??"]
[Round "?"]
[White "McNair, Shawn"]
[Black "Post, Robert"]
[Result "1-0"]
[WhiteElo "1605"]
[BlackElo "1665"]
[PlyCount "43"]
[EventDate "1998.07.??"]

{7/18} 1. e4 g6 2. d4 Bg7 3. Nf3 d6 4. Nc3 Nf6 5. Bc4 O-O 6. Be3 Bg4 7. h3 Bxf3
8. Qxf3 Nc6 9. h4 e5 10. d5 Ne7 11. g4 h5 12. gxh5 Nxh5 13. Be2 f5 14. Qg2 Nf4
15. Bxf4 exf4 16. h5 fxe4 17. Qxe4 g5 18. Bd3 Rf5 19. Qe6+ Rf7 20. h6 Be5 21.
h7+ Kh8 22. Qxf7 1-0

[Event "Michigan Open Reserve"]
[Site "Flint, MI"]
[Date "1998.??.??"]
[Round "?"]
[White "McNair, Shawn"]
[Black "Haney, Mark"]
[Result "1-0"]
[WhiteElo "1605"]
[BlackElo "1605"]
[PlyCount "47"]
[EventDate "1998.09.??"]

1. e4 e5 2. f4 exf4 3. Nf3 g5 4. Bc4 d5 5. Bxd5 c6 6. Bc4 Bd6 7. d4 g4 8. O-O
gxf3 9. Qxf3 Qg5 10. e5 Bxe5 11. dxe5 Qxe5 12. Bxf7+ Kxf7 13. Bxf4 Qd5 14. Qc3
Bf5 15. Be5 Qe4 16. Bxh8 Nd7 17. Nd2 Qg4 18. Rxf5+ Ngf6 19. Bxf6 Qxf5 20. Rf1
Qd5 21. Bh4+ Ke6 22. Re1+ Ne5 23. Nf3 Rg8 24. Rxe5+ 1-0

[Event "Kalamazoo Mini-Swiss.1"]
[Site "Kalamazoo, MI"]
[Date "1998.??.??"]
[Round "?"]
[White "McGrew, Tim"]
[Black "Semerciyan, Mike"]
[Result "1-0"]
[WhiteElo "2120"]
[BlackElo "1870"]
[PlyCount "89"]
[EventDate "1998.??.??"]

1. e4 e5 2. d4 exd4 3. Nf3 Nc6 4. c3 d5 5. exd5 Qxd5 6. cxd4 Bg4 7. Be2 Bb4+ 8.
Nc3 Nge7 9. O-O Bxc3 10. bxc3 O-O 11. h3 Bh5 12. Rb1 Bg6 13. Rb5 Qxa2 14. Rxb7
Nd5 15. Bd2 Na5 16. Rb5 c6 17. Rc5 Ne7 18. Ne5 Bc2 19. Rxa5 Bxd1 20. Rxa2 Bxe2
21. Re1 Bh5 22. g4 Bg6 23. Nxg6 Nxg6 24. Rea1 f5 25. Rxa7 Rxa7 26. Rxa7 fxg4
27. hxg4 Nh4 28. Be3 Nf3+ 29. Kg2 Nh4+ 30. Kg3 Ng6 31. Rc7 Rf6 32. f4 Re6 33.
Bf2 Ne7 34. f5 Re4 35. Kf3 Rf4+ 36. Kxf4 Nd5+ 37. Ke5 Nxc7 38. Kd6 Nb5+ 39.
Kxc6 Nxc3 40. d5 Ne4 41. Bh4 g5 42. fxg6 hxg6 43. d6 Nxd6 44. Kxd6 Kf7 45. Bg5
1-0

[Event "Michigan Class D/E"]
[Site "Grand Rapids, MI"]
[Date "1998.??.??"]
[Round "?"]
[White "McCrandell, James"]
[Black "Smeckert, Dennis"]
[Result "0-1"]
[WhiteElo "1605"]
[BlackElo "1605"]
[PlyCount "62"]
[EventDate "1998.01.??"]

1. e4 e5 2. Nf3 Nc6 3. Bc4 Be7 4. d4 exd4 5. Nxd4 Ne5 6. Bb3 d6 7. Bf4 Ng6 8.
Bg3 Nf6 9. Nc3 O-O 10. O-O Bg4 11. Qd3 Nh5 12. h3 Nhf4 13. Bxf4 Nxf4 14. Qg3
Ne6 15. Bxe6 Bxe6 16. Nxe6 fxe6 17. e5 Qe8 18. exd6 Bxd6 19. Qg4 Rf4 20. Qe2
Qg6 21. Rfe1 Raf8 22. Qxe6+ Qxe6 23. Rxe6 Rxf2 24. Ne4 Rxc2 25. Nxd6 cxd6 26.
Rxd6 Rxb2 27. a4 h6 28. a5 Rff2 29. g4 Rg2+ 30. Kf1 Rh2 31. a6 Rh1# 0-1

[Event "Michigan Amateur"]
[Site "Kalamazoo "]
[Date "1998.??.??"]
[Round "?"]
[White "McCrandell, James"]
[Black "Newhouse, Gregory"]
[Result "0-1"]
[WhiteElo "1605"]
[BlackElo "1605"]
[PlyCount "48"]
[EventDate "1998.07.??"]

{7/19} 1. e4 c5 2. d3 Nc6 3. Nf3 e6 4. c3 d5 5. exd5 exd5 6. g3 Nf6 7. Qe2+ Be7
8. Bg5 O-O 9. Bg2 Re8 10. O-O Bd6 11. Qd1 Bg4 12. Qb3 Qc7 13. Bxf6 gxf6 14.
Qxd5 Be6 15. Qh5 Rad8 16. Bh3 Bxh3 17. Qxh3 Ne7 18. Na3 Qc6 19. Qg4+ Kh8 20.
Nh4 Ng6 21. Nxg6+ fxg6 22. Qc4 Re2 23. Rfe1 Rde8 24. Nb5 Rxe1+ 0-1

[Event "Michigan Amateur"]
[Site "Kalamazoo "]
[Date "1998.??.??"]
[Round "?"]
[White "McCrandell, James"]
[Black "Evans Sr., Thomas"]
[Result "0-1"]
[WhiteElo "1605"]
[BlackElo "1605"]
[PlyCount "50"]
[EventDate "1998.07.??"]

{7/18} 1. e4 e6 2. d4 d5 3. e5 c5 4. c3 Nc6 5. Bb5 Bd7 6. Be3 cxd4 7. cxd4 Bb4+
8. Nc3 Qa5 9. Bxc6 Bxc3+ 10. bxc3 Bxc6 11. Ne2 Ne7 12. O-O O-O 13. a4 Nf5 14.
Qc2 Qc7 15. Bc1 a5 16. Ba3 Rfe8 17. Rab1 b6 18. Rb2 Rab8 19. g4 Qd7 20. gxf5
Bxa4 21. fxe6 Rxe6 22. Qd3 Rg6+ 23. Ng3 Qh3 24. Qf3 Bd7 25. Qxd5 Bc6 {
[Remainder illegible]} 0-1

[Event "Michigan Class D/E"]
[Site "Grand Rapids, MI"]
[Date "1998.??.??"]
[Round "?"]
[White "McCrandell, James"]
[Black "Belill, Nathan"]
[Result "0-1"]
[WhiteElo "1605"]
[BlackElo "1605"]
[PlyCount "122"]
[EventDate "1998.01.??"]

1. e4 c5 2. Nf3 d6 3. Bc4 Nc6 4. Ng5 e6 5. d3 Be7 6. Qg4 Nf6 7. Qg3 O-O 8. O-O
Bd7 9. Qe3 Rc8 10. Nc3 Nd4 11. Qd2 b5 12. Bb3 Bc6 13. a4 a6 14. axb5 axb5 15.
Qd1 Nd7 16. Nf3 Nxf3+ 17. Qxf3 Ne5 18. Qe3 Qd7 19. d4 Ng6 20. dxc5 dxc5 21. Rd1
Qc7 22. Qe2 c4 23. Ba2 Bd6 24. g3 Ra8 25. Qf3 Ne5 26. Qe3 Rfb8 27. Bd2 Nd7 28.
Qf3 Be5 29. b4 Ra6 30. Rdb1 Rba8 31. Rb2 Qb7 32. Qg4 Bxe4 33. Kf1 Bf3 34. Qg5
Bf6 35. Qe3 Ne5 36. Qc5 Bg2+ 37. Ke1 Nf3+ 38. Ke2 Nxd2 39. Kxd2 Qd7+ 40. Nd5
Qxd5+ 41. Qxd5 Bxd5 42. c3 Ra3 43. Rc2 Be4 44. Rcc1 Rxa2+ 45. Rxa2 Rxa2+ 46.
Ke1 Bg2 47. h4 Be4 48. Kf1 Rc2 49. Rd1 Bd3+ 50. Kg2 Bxc3 51. Kg1 Bd4 52. Kh1
Rxf2 53. Re1 Re2 54. Rxe2 Bxe2 55. Kg2 Bd3 56. Kf3 c3 57. g4 c2 58. g5 c1=Q 59.
Kg3 Qe3+ 60. Kg2 Be4+ 61. Kf1 Qf2# 0-1

[Event "Michigan Open Reserve"]
[Site "Flint, MI"]
[Date "1998.??.??"]
[Round "?"]
[White "McCormick, Tim"]
[Black "Paul, Dennis"]
[Result "1-0"]
[WhiteElo "1605"]
[BlackElo "1605"]
[PlyCount "75"]
[EventDate "1998.09.??"]

1. e4 g6 2. d4 Bg7 3. c3 Nf6 4. Bd3 O-O 5. f4 d6 6. e5 Bg4 7. Qb3 Ne8 8. Qxb7
Nd7 9. Be4 Nb6 10. Qa6 d5 11. Bf3 Bc8 12. Qd3 a5 13. a4 e6 14. Ne2 Qh4+ 15. Ng3
Bh6 16. Bd1 Ng7 17. Be3 Nf5 18. Bf2 Qxf4 19. Na3 c6 20. Be2 Nxa4 21. Qc2 Nb6
22. O-O Ne3 23. Bxe3 Qxe3+ 24. Kh1 Ba6 25. Bxa6 Rxa6 26. Rf3 Qg5 27. Raf1 a4
28. c4 Qd2 29. R3f2 Qb4 30. c5 Nc4 31. Nxc4 dxc4 32. Qe2 a3 33. bxa3 Rxa3 34.
Ne4 Rfa8 35. Rxf7 Bg7 36. Qg4 R8a7 37. Rxa7 Rxa7 38. Qxe6+ 1-0

[Event "Michigan Open Reserve"]
[Site "Flint, MI"]
[Date "1998.??.??"]
[Round "?"]
[White "McCormick, Tim"]
[Black "Carpenter, T."]
[Result "1-0"]
[WhiteElo "1605"]
[BlackElo "1605"]
[PlyCount "51"]
[EventDate "1998.09.??"]

1. e4 d6 2. d4 g6 3. Nf3 Bg7 4. Be3 Nc6 5. Bb5 d5 6. e5 f6 7. h3 Bd7 8. Nc3 e6
9. exf6 Bxf6 10. Ne2 Qe7 11. Qd2 O-O-O 12. Bxc6 Bxc6 13. Qa5 a6 14. Bf4 g5 15.
Be5 h6 16. Bxf6 Qxf6 17. Ne5 Ne7 18. O-O Bb5 19. Rae1 Qf5 20. Qc3 Ng6 21. Qf3
Qxc2 22. Qg4 Rhe8 23. Nxg6 Qxg6 24. Rc1 h5 25. Qg3 Bxe2 26. Qxc7# 1-0

[Event "Michigan Open Reserve"]
[Site "Flint, MI"]
[Date "1998.??.??"]
[Round "?"]
[White "McCormick, Tim"]
[Black "Aldrich, Justin"]
[Result "1-0"]
[WhiteElo "1605"]
[BlackElo "1605"]
[PlyCount "71"]
[EventDate "1998.09.??"]

1. e4 e5 2. Nf3 d6 3. Bc4 Bg4 4. d3 Be7 5. Be3 h6 6. c3 Nf6 7. Qb3 O-O 8. Nbd2
Qc8 9. h3 Bh5 10. g4 Bg6 11. Nh4 Bh7 12. Nf5 Bxf5 13. gxf5 Nc6 14. Rg1 h5 15.
Nf3 Na5 16. Qa4 Nxc4 17. Qxc4 Nh7 18. O-O-O a6 19. Bh6 Bf6 20. Rg2 Kh8 21. Be3
b5 22. Qb3 Qb7 23. h4 a5 24. Rdg1 a4 25. Qd1 b4 26. c4 Rg8 27. Ng5 Nxg5 28.
hxg5 g6 29. gxf6 c5 30. fxg6 fxg6 31. Rxg6 Rxg6 32. Rxg6 Ra7 33. Qxh5+ Qh7 34.
Rh6 Kg8 35. Rxh7 Rxh7 36. Qe8# 1-0

[Event "Michigan Open"]
[Site "Flint, MI"]
[Date "1998.??.??"]
[Round "?"]
[White "McCarter, Robert"]
[Black "Wydryck, Robert"]
[Result "0-1"]
[WhiteElo "1630"]
[BlackElo "1925"]
[PlyCount "78"]
[EventDate "1998.09.??"]

{9/6} 1. d4 Nf6 2. Nf3 g6 3. Bf4 Bg7 4. e3 O-O 5. Bc4 c5 6. c3 cxd4 7. exd4 d6
8. O-O Bg4 9. h3 Bxf3 10. Qxf3 Qb6 11. Qe2 Nc6 12. Na3 Rac8 13. Bd3 Rfe8 14.
Nc4 Qc7 15. Rfe1 b5 16. Nd2 b4 17. Ba6 Rb8 18. Qc4 Qb6 19. Be3 Na5 20. Qe2 Nd5
21. Rec1 Nxe3 22. fxe3 Bh6 23. Bd3 bxc3 24. bxc3 Qb2 25. Kf2 Rec8 26. c4 Qa3
27. Nb3 Bg7 28. Rcb1 e5 29. Nxa5 Qxa5 30. Rxb8 Rxb8 31. dxe5 Bxe5 32. Rb1 Re8
33. Rb7 Bd4 34. Kf1 Rxe3 35. Qd1 Qe5 36. Be2 Rc3 37. Rb8+ Kg7 38. Rb7 Qe3 39.
Rd7 Qg1# 0-1

[Event "Michigan Amateur"]
[Site "Kalamazoo "]
[Date "1998.??.??"]
[Round "?"]
[White "McCarter, Robert"]
[Black "Vandivier, Don"]
[Result "1-0"]
[WhiteElo "1605"]
[BlackElo "1880"]
[PlyCount "105"]
[EventDate "1998.07.??"]

{7/19} 1. d4 Nf6 2. Nf3 g6 3. Bf4 Bg7 4. e3 c5 5. c3 cxd4 6. exd4 O-O 7. Nbd2
d6 8. Bc4 Nc6 9. O-O a6 10. a4 Rb8 11. Qe2 Bd7 12. Rfe1 Re8 13. Ng5 Rf8 14.
Ndf3 Nh5 15. Bd2 h6 16. Nh4 hxg5 17. Nxg6 Nf4 18. Bxf4 gxf4 19. Nxf8 Qxf8 20.
Qh5 e5 21. Bd3 Bh6 22. dxe5 dxe5 23. Bc4 Be6 24. Bxe6 fxe6 25. Qg6+ Qg7 26.
Qxe6+ Kh8 27. Rad1 Rg8 28. Qh3 Qg6 29. Rd7 Rg7 30. Rxb7 Rxb7 31. Qc8+ Bf8 32.
Qxb7 e4 33. Qc8 Kg8 34. h3 Ne5 35. Rd1 e3 36. fxe3 fxe3 37. Rf1 Qd6 38. Rxf8+
Qxf8 39. Qxf8+ Kxf8 40. Kf1 Nc4 41. b4 Kf7 42. Ke2 Kf6 43. Kd3 Kf5 44. g3 Ke5
45. a5 Kd5 46. h4 Ke5 47. b5 axb5 48. a6 Kf5 49. a7 Nb6 50. Kxe3 Ke5 51. g4 Kd5
52. h5 Kc4 53. Kd2 1-0

[Event "Michigan Open"]
[Site "Flint, MI"]
[Date "1998.??.??"]
[Round "?"]
[White "McCarter, Robert"]
[Black "Smith, Walt"]
[Result "0-1"]
[WhiteElo "1630"]
[BlackElo "2015"]
[PlyCount "94"]
[EventDate "1998.09.??"]

{9/4} 1. d4 d6 2. Nf3 g6 3. Bf4 Bg7 4. e3 c5 5. c3 Qb6 6. Qb3 Be6 7. Qxb6 axb6
8. Bb5+ Nd7 9. a4 Ngf6 10. h3 Nd5 11. Bh2 Nc7 12. Na3 Bb3 13. O-O Bxa4 14. Bc4
O-O 15. e4 b5 16. Be2 b4 17. cxb4 cxd4 18. Rac1 Rfc8 19. Bd3 Bh6 20. Rb1 e5 21.
b3 Bc6 22. Nc4 Nb5 23. Nfd2 Ra2 24. Nf3 Rca8 25. Na5 Nc3 26. Ra1 Rxa1 27. Rxa1
b6 28. Bg3 bxa5 29. bxa5 Nc5 30. Bc4 Bxe4 31. b4 Bxf3 32. gxf3 Na6 33. b5 Nxb5
34. Bxb5 Nc5 35. Bc6 Ra7 36. Kf1 Bd2 37. Bd5 g5 38. Ke2 Bxa5 39. Rc1 Bc3 40. h4
h6 41. hxg5 hxg5 42. Rh1 Kg7 43. Rh5 f6 44. Bc4 Ra1 45. f4 exf4 46. Bh2 d3+ 47.
Bxd3 Re1+ 0-1

[Event "U.S. Amateur North"]
[Site "Detroit, MI"]
[Date "1998.??.??"]
[Round "?"]
[White "McCarter, Robert"]
[Black "Reid, Ricky"]
[Result "1/2-1/2"]
[WhiteElo "1660"]
[BlackElo "1605"]
[PlyCount "104"]
[EventDate "1998.05.??"]

{5/24} 1. d4 Nf6 2. Nf3 g6 3. Bf4 Bg7 4. e3 d6 5. h3 O-O 6. c4 c6 7. Nc3 Nbd7
8. Be2 Nh5 9. Bh2 Re8 10. O-O e5 11. dxe5 dxe5 12. Qc2 Qe7 13. Rad1 Nb6 14. b3
e4 15. Nd4 Nf6 16. Rd2 Bd7 17. Qc1 Rac8 18. Bd1 h6 19. Bc2 Qb4 20. Nde2 Qc5 21.
Bd6 Qg5 22. Bf4 Qa5 23. Bb1 Bf5 24. Rfd1 g5 25. Bd6 Bg6 26. Ba3 Nh5 27. Bb2 f5
28. Rd6 Kh7 29. a3 Rc7 30. b4 Qe5 31. Na4 Qe7 32. Nxb6 axb6 33. Bxg7 Nxg7 34.
Qd2 Ra8 35. Qc3 Bh5 36. Kf1 Ne8 37. R6d4 c5 38. Rd5 cxb4 39. axb4 Ng7 40. R1d2
Bf7 41. R5d4 Rac8 42. Ba2 b5 43. c5 Bxa2 44. Rxa2 b6 45. Qd2 bxc5 46. bxc5 Qxc5
47. Qb4 Ne6 48. Qxc5 Rxc5 49. Rd6 R8c6 50. Ra7+ Kg6 51. Ra6 Rxd6 52. Rxd6 Kf7
1/2-1/2

[Event "Michigan Class B"]
[Site "Grand Rapids, MI"]
[Date "1998.??.??"]
[Round "?"]
[White "McCarter, Robert"]
[Black "Matias, I.C."]
[Result "1/2-1/2"]
[WhiteElo "1605"]
[BlackElo "1645"]
[PlyCount "81"]
[EventDate "1998.01.??"]

1. d4 Nf6 2. Nf3 e6 3. Bf4 d5 4. e3 Be7 5. h3 O-O 6. c4 c6 7. Nc3 Nbd7 8. Bd3
dxc4 9. Bxc4 b5 10. Bd3 a6 11. Rc1 c5 12. dxc5 Nxc5 13. Be2 Bb7 14. O-O Qb6 15.
b4 Ncd7 16. Qb3 Rac8 17. a3 Qa7 18. Rfd1 Nd5 19. Nxd5 Bxd5 20. Qd3 Nf6 21. Rxc8
Rxc8 22. Qb1 Qb7 23. Rc1 Ne4 24. Rxc8+ Qxc8 25. Bd3 f5 26. Qc2 Qxc2 27. Bxc2
Bf6 28. Ne5 Nd2 29. Nd3 Nc4 30. a4 bxa4 31. Bxa4 Nb2 32. Nxb2 Bxb2 33. Bd6 Bc4
34. Bc7 Kf7 35. f3 Ke7 36. Kf2 Bc3 37. Ba5 Kd6 38. g4 Kd5 39. Bc2 fxg4 40. hxg4
h6 41. Be4+ 1/2-1/2

[Event "Michigan Amateur"]
[Site "Kalamazoo "]
[Date "1998.??.??"]
[Round "?"]
[White "McCarter, Robert"]
[Black "Mandell, Ed"]
[Result "1-0"]
[WhiteElo "1605"]
[BlackElo "1605"]
[PlyCount "49"]
[EventDate "1998.07.??"]

{7/18} 1. d4 Nf6 2. Nf3 d5 3. Bf4 Bf5 4. e3 Nbd7 5. c4 dxc4 6. Bxc4 c5 7. Qb3
e6 8. Qxb7 Qc8 9. Ba6 Nb6 10. Qxc8+ Nxc8 11. Bb7 Be4 12. Bxa8 Bxa8 13. dxc5
Bxc5 14. Nbd2 O-O 15. O-O Rd8 16. Rfd1 Nd6 17. Nb3 Bxf3 18. gxf3 Nd5 19. Bg3
Nc4 20. Nxc5 Nxb2 21. Rd2 Nc4 22. Rd4 Na3 23. Rad1 Nc2 24. R4d2 Ncb4 25. e4 1-0

[Event "Michigan Amateur"]
[Site "Kalamazoo "]
[Date "1998.??.??"]
[Round "?"]
[White "McCarter, Robert"]
[Black "Lynem, Charles"]
[Result "0-1"]
[WhiteElo "1605"]
[BlackElo "1605"]
[PlyCount "118"]
[EventDate "1998.07.??"]

{7/18} 1. d4 Nf6 2. Nf3 e6 3. Bf4 Nc6 4. e3 b6 5. c4 Bb7 6. Nc3 Bb4 7. Qc2 d5
8. a3 Be7 9. h3 a6 10. b4 O-O 11. cxd5 Nxd5 12. Nxd5 exd5 13. Bd3 g6 14. h4 Bd6
15. Bh6 Re8 16. h5 Ne7 17. Bg5 Qd7 18. hxg6 fxg6 19. Bf6 Qe6 20. Be5 Bxe5 21.
Nxe5 c6 22. Kd2 Rac8 23. Rh3 c5 24. Rah1 cxd4 25. Qd1 Qxe5 26. exd4 Qf4+ 27.
Re3 Qxf2+ 28. Qe2 Qxe2+ 29. Rxe2 Nf5 30. Bxf5 Rxe2+ 31. Kxe2 Re8+ 32. Kd3 gxf5
33. Rh6 b5 34. Rb6 Re7 35. Rf6 Bc8 36. Rd6 Rg7 37. Rd8+ Kf7 38. Rxc8 Rxg2 39.
Kc3 Rg3+ 40. Kb2 Rd3 41. Rc7+ Kg6 42. Rc6+ Kg5 43. Rxa6 f4 44. Kc2 Rxd4 45. Kc3
Rc4+ 46. Kd3 Re4 47. Rb6 f3 48. Rxb5 f2 49. Rxd5+ Kf4 50. Rd7 f1=Q+ 51. Kd2
Qe2+ 52. Kc1 Rc4+ 53. Kb1 Qe1+ 54. Kb2 Qc3+ 55. Ka2 Qc2+ 56. Ka1 Rc3 57. Rf7+
Ke5 58. Re7+ Kd6 59. Ra7 Rb3 0-1

[Event "Michigan Class B"]
[Site "Grand Rapids, MI"]
[Date "1998.??.??"]
[Round "?"]
[White "McCarter, Robert"]
[Black "King, Kenny"]
[Result "0-1"]
[WhiteElo "1605"]
[BlackElo "1710"]
[PlyCount "58"]
[EventDate "1998.01.??"]

1. d4 d5 2. Nf3 Nf6 3. Bf4 c5 4. e3 Qb6 5. Nc3 Bg4 6. Nb5 Nc6 7. a4 c4 8. Be2
e6 9. h3 Bh5 10. O-O Be7 11. c3 O-O 12. g4 Bg6 13. Ne5 Rac8 14. g5 Ne4 15. Nd7
Qd8 16. Nxf8 Kxf8 17. h4 f6 18. Bg4 fxg5 19. hxg5 Nxg5 20. Bxg5 Bxg5 21. Bxe6
Be4 22. Qh5 Bg6 23. Qf3+ Bf6 24. Bxc8 Qxc8 25. Qxd5 Qg4+ 26. Qg2 Qh4 27. Qg3
Qh5 28. Rae1 Be4 29. Nd6 Qh1# 0-1

[Event "U.S. Amateur North"]
[Site "Detroit, MI"]
[Date "1998.??.??"]
[Round "?"]
[White "McCarter, Robert"]
[Black "Ballicora, Miguel"]
[Result "1/2-1/2"]
[WhiteElo "1660"]
[BlackElo "2055"]
[PlyCount "73"]
[EventDate "1998.05.??"]

{5/23} 1. d4 e6 2. Nf3 f5 3. Bf4 Nf6 4. e3 Be7 5. h3 O-O 6. c4 d5 7. Nc3 c6 8.
Be2 Ne4 9. cxd5 exd5 10. Ne5 Bd6 11. O-O Qe7 12. Nd3 Nd7 13. Bxd6 Qxd6 14. Rc1
Ndf6 15. b4 g5 16. b5 f4 17. Nxe4 Nxe4 18. Ne5 c5 19. Bf3 b6 20. Bxe4 dxe4 21.
Nc4 Qf6 22. dxc5 Be6 23. cxb6 f3 24. g4 Qh6 25. Qd6 Qxh3 26. Qh2 Qxg4+ 27. Kh1
axb6 28. Rg1 Qf5 29. Nd6 Qf6 30. Rxg5+ Qxg5 31. Rg1 Qxg1+ 32. Qxg1+ Kh8 33. Qg5
Bxa2 34. Qe5+ Kg8 35. Qg5+ Kh8 36. Qe5+ Kg8 37. Qg5+ 1/2-1/2

[Event "Michigan Class D/E"]
[Site "Grand Rapids, MI"]
[Date "1998.??.??"]
[Round "?"]
[White "McAllister, Don"]
[Black "Miller, Doug"]
[Result "1/2-1/2"]
[WhiteElo "1605"]
[BlackElo "1605"]
[PlyCount "89"]
[EventDate "1998.01.??"]

1. e4 c5 2. Nf3 d6 3. Bc4 e6 4. Nc3 Nc6 5. d3 a6 6. Bg5 Nf6 7. a4 Be7 8. O-O
O-O 9. Qd2 Nd4 10. Nxd4 cxd4 11. Ne2 e5 12. c3 Nxe4 13. dxe4 Bxg5 14. Qd1 dxc3
15. Nxc3 Be6 16. Bd5 Bxd5 17. Nxd5 f5 18. f3 Qa5 19. b4 Qd8 20. Qb3 Kh8 21. Kh1
fxe4 22. fxe4 Rxf1+ 23. Rxf1 Rc8 24. a5 Rc1 25. Qf3 Rxf1+ 26. Qxf1 Qc8 27. Nc3
h6 28. Nd5 Qc1 29. Qxc1 Bxc1 30. Kg1 Kg8 31. Kf2 Kf8 32. Ke2 Ke8 33. Kd3 Kd7
34. Kc4 Bg5 35. g3 h5 36. h3 g6 37. b5 Bd2 38. bxa6 bxa6 39. g4 h4 40. Kb3 Bxa5
41. Ka4 Bd8 42. Kb4 Kc6 43. Kc4 Kd7 44. Kb4 a5+ 45. Kb5 1/2-1/2

[Event "Michigan Class D/E"]
[Site "Grand Rapids, MI"]
[Date "1998.??.??"]
[Round "?"]
[White "McAllister, Don"]
[Black "Mihelich, John"]
[Result "0-1"]
[WhiteElo "1605"]
[BlackElo "1605"]
[PlyCount "88"]
[EventDate "1998.01.??"]

1. e4 e5 2. Nf3 Nc6 3. Bc4 h6 4. d3 Nf6 5. Be3 d6 6. h3 Be7 7. O-O O-O 8. Nc3
a6 9. Bb3 Nh7 10. Qd2 Kh8 11. Bxh6 gxh6 12. Qxh6 Nd4 13. Qh5 Nxf3+ 14. Qxf3 Be6
15. Ne2 Qd7 16. Kh1 Rg8 17. Bxe6 Qxe6 18. Ng3 Rg5 19. Qe3 Rag8 20. Rg1 b6 21.
Raf1 c5 22. c4 Bf8 23. Qe2 Qg6 24. Qf3 Nf6 25. Nf5 Nh5 26. g4 Nf4 27. h4 Rxg4
28. Rxg4 Qxg4 29. Qxg4 Rxg4 30. Rg1 Rxg1+ 31. Kxg1 Nxd3 32. b3 Kh7 33. f3 b5
34. Ne3 Be7 35. h5 b4 36. Kh2 Nc1 37. Kg3 Nxa2 38. f4 Nc1 39. fxe5 dxe5 40. Kg4
Nxb3 41. Nc2 Nd4 42. Nxd4 cxd4 43. Kf5 d3 44. Kxe5 d2 0-1

[Event "Michigan Open"]
[Site "Flint, MI"]
[Date "1998.??.??"]
[Round "?"]
[White "Mazuchowski, Tom"]
[Black "Masek, Adam"]
[Result "1-0"]
[WhiteElo "2125"]
[BlackElo "1605"]
[PlyCount "35"]
[EventDate "1998.09.??"]

{9/7} 1. e4 c6 2. d4 d5 3. Nd2 dxe4 4. Nxe4 Nd7 5. Bc4 Ngf6 6. Nxf6+ Nxf6 7.
Qd3 Bg4 8. Qb3 Qxd4 9. Bxf7+ Kd8 10. Be3 Qe5 11. h3 Bd7 12. O-O-O Kc8 13. Nf3
Qc7 14. Rd2 e5 15. Rhd1 Be7 16. Bg5 Rd8 17. Bxf6 Bxf6 18. Rxd7 1-0